Statistiken für Europäische Überseegebiete

Klicken Sie hier um das Quiz zu spielen!

Allgemein

  • Dieses Quiz wurde 254 mal gespielt
    (174 seit der letzten Aktualisierung)
  • Das Durchschnittsergebnis liegt bei 20 aus 51

Antwortstatistiken

AntwortLage% Korrekt
ArubaKaribik
66%
GuadeloupeKaribik
62%
MartiniqueKaribik
62%
BermudaAtlantik
61%
GibraltarMittelmeer/Atlantik
60%
CuraçaoKaribik
58%
FalklandinselnSüdatlantik
57%
St. MartinKaribik
57%
St. HelenaSüdatlantik
56%
FäröerAtlantik
54%
GrönlandArktis
54%
JerseyÄrmelkanal
53%
Französisch-PolynesienOzeanien
51%
Britische JungferninselnKaribik
50%
GuernseyÄrmelkanal
50%
AnguillaKaribik
49%
NeukaledonienSüdpazifik
49%
AzorenAtlantik
47%
ÅlandOstsee
46%
BonaireKaribik
46%
Isle of ManIrische See
46%
Sint MaartenKaribik
46%
MontserratKaribik
43%
KanarenZentralatlantik
42%
MadeiraAtlantik
41%
KorsikaMittelmeer
40%
SardinienMittelmeer
40%
SizilienMittelmeer
40%
SpitzbergenArtkis
40%
MayotteStraße von Mosambik
38%
La RéunionIndischer Ozean
36%
BalearenMittelmeer
35%
PitcairninselnSüdostpazifik
35%
KaimaninselnKaribik
34%
Turks- und CaicosinselnKaribik
34%
Saint-BarthélemyKaribik
31%
CookinselnSüdpazifik
30%
Britisches Territorium im Indischen OzeanIndischer Ozean
28%
NiueSüdpazifik
28%
Französisch-GuayanaAtlantik
27%
SabaOstkaribik
26%
Saint-Pierre und MiquelonAtlantik
26%
Südgeorgien und die Südlichen SandwichinselnSüdatlantik
26%
Französische Süd- und AntarktisgebieteAntarktiks
22%
Wallis und FutunaSüdpazifik
22%
AscensionSüdatlantik
21%
Sint EustatiusKaribik
18%
Tristan da CunhaAtlantik
18%
Liparische InselnMittelmeer
1%
Kotelny-InselArktischer Ozean
0%
Nowaja Semlja NordinselArktischer Ozean
0%

Verteilung der Resultate

Perzentil nach korrekt beantworteten Fragen

Anzahl Personen mit jedem Resultat

Ihre Resultats-Entwicklung

Sie haben dieses Quiz seit der letzten Aktualisierung nicht gespielt